| 000 | 01425nab a22002657a 4500 | ||
|---|---|---|---|
| 999 |
_c6362 _d6362 |
||
| 003 | OSt | ||
| 005 | 20260131202235.0 | ||
| 008 | 190603e xxum|||| |||| 00| 0 spa d | ||
| 040 | _cPJ | ||
| 100 |
_97013 _aPaniagua, Juan Manuel |
||
| 245 | 1 | 0 |
_aConsideraciones particulares sobre la carga dinámica de la prueba en el proceso de daños / _cJuan Manuel Paniagua. |
| 260 |
_cCiudad Autónoma de Buenos Aires : _aThomson Reuters La Ley, _b2025. |
||
| 300 | _ap. 171-178 | ||
| 500 | _aCita: TR LALEY AR/DOC/2803/2025 Publicado en: RCCyC 2025 (Diciembre). | ||
| 505 | _aSumario: I. Introducción.— II. Consideraciones preliminares.— III. La regla sobre carga de la prueba en el Cód. Proc. Civ. y Com.— IV. La regla en el Cód. Civ. y Com. en relación con la prueba de los factores de atribución.— V. La operatividad de la distribución dinámica.— VI. La circunscripción del art. 1735 del Cód. Civ. y Com.— VII. Conclusiones. | ||
| 505 | _t¿Te interesa el texto completo? Solicitalo al correo: koha@justierradelfuego.gov.ar | ||
| 650 | 0 |
_91467 _aRESPONSABILIDAD CIVIL |
|
| 650 | 0 |
_91975 _aPRUEBA |
|
| 650 | 0 |
_91084 _aCULPA |
|
| 650 | 0 |
_aDAÑO _93331 |
|
| 650 | 0 |
_aDEFENSA EN JUICIO _9586 |
|
| 650 | 0 |
_aCARGA DE LA PRUEBA _93927 |
|
| 773 | 0 |
_02713 _93170 _dCiudad Autónoma de Buenos Aires : Thomson Reuters La Ley, 2015- _tRevista Código Civil y Comercial. Nº 6 - Diciembre 2025 |
|
| 942 |
_2udc _cANA |
||